Análisis del problema del empleo /

Spremljeno u:
Bibliografski detalji
Autori kompanije: OIT. PREALC, Naciones Unidas. Programa de las Naciones Unidas para el Desarrollo
Format: Nepoznato
Izdano: Panamá: OIT. PNUND
Teme:
Oznake: Dodaj oznaku
Bez oznaka, Budi prvi tko označuje ovaj zapis!

MARC

LEADER 00000 a2200000 04500
001 10384
003
008 991231s d
040
090 |a 136101  
110 |a OIT. PREALC  
245 |a Análisis del problema del empleo /  |c OIT. PREALC  
260 |a Panamá:   |b OIT. PNUND  
300 |a vi, 122 p  
500 |a Extracto de OIT. PREALC   |a CEPAL: Dinámica del subempleo en América Latina, Santiago: CEPAL, 1981, pp. 11-34  
650 |a EMPLEO  
650 |a ANALISIS HISTORICO  
650 |a SUBEMPLEO  
650 |a POBLACION ACTIVA  
650 |a DESEMPLEO  
650 |a MANO DE OBRA  
650 |a ESTUDIO DE CASO  
650 |a EMPLEO  
650 |a DESEMPLEO  
650 |a POBLACION ACTIVA  
710 |a Naciones Unidas. Programa de las Naciones Unidas para el Desarrollo  
999 |c 10986  |d 10986